=LDR 00000nam 2200000 4500 =001 NUTBA000000000001644 =005 20200304082828 =035 ##$$a 0010-051400000000109 =008 200304###########################0###### =020 ##$$a 978-602-8689-29-8 =082 ##$$a 297.56.rif =100 ##$$a rifat syauqi nawawi =245 1#$$a kepribadian qurani =250 ##$$a ed.1.jakarta =260 ##$$a jakarta :$b amzah,$c 2011 =300 ##$$a xviii,306 hlm ; $c 20.5 cm =850 ##$$a nbpnmat =990 ##$$a 21196309/BPAP-NTB/2014